000 00602nam a2200241Ia 4500
003 OSt
005 20220924133150.0
006 a|||||r|||| 00| 0
007 ta
008 220923b |||||||| |||| 00| 0 mal d
024 _a258877
037 _cTextual
040 _aARTS
_cARTS
_bmal
041 _2mal
_amal
082 _aO32,3NVKNx, L5
100 _aVKN
_9205779
245 0 _aVKN kathakal
260 _c1975
650 _a MALAYALAM LITERATURE
_938866
650 _aMALAYALAM FICTION
_9183428
942 _hO32,3NVKNx, L5
_cTEXL
_2CC
999 _c432813
_d432813